| 000 | 00963nas a2200313 4500 | ||
|---|---|---|---|
| 001 | BR0100690 | ||
| 003 | BR-BrBNA | ||
| 005 | 20231205102050.0 | ||
| 007 | ta | ||
| 008 | 230509b bl.|||p| |||| 00| 00por d | ||
| 040 |
_aBR-BrBNA _bpor _cBiblioteca Nacional de Agricultura |
||
| 041 | _a(Pt) | ||
| 072 | _aF01 | ||
| 100 | 1 | _aSilva, F.N. da | |
| 100 | 1 | _aBraga, A.P. | |
| 100 | 1 | _aVasconcelos, S.H.L. | |
| 245 | 1 | _aMilheto (Pennisetum americanum, L.)uma alternativa forrageira para a alimentacao animal no Municipio de Mossoro | |
| 650 | _aMilheto | ||
| 650 | _aMilho | ||
| 650 | _aProducao Vegetal | ||
| 650 | _aCrescimento | ||
| 650 | _aCondicao Ambiental | ||
| 650 | _aNutricao Animal | ||
| 650 | _aMateria Seca | ||
| 650 | _aRio Grande do Norte | ||
| 773 | 0 |
_tRevista Cientifica de Producao Animal (Brazil) _xISSN 1415-563X _g(Jan-Jun 2000), v. 2(1) p. 41-46 _wBR0100690 |
|
| 909 |
_a202311 _bLúcia _c55 _dLúcia Elande |
||
| 942 |
_2AGRIS _n0 _cANA |
||
| 999 |
_c165548 _d165548 |
||